000 00550nam a22002177a 4500
003 UA-OsUOA
001 110581
007 ta
008 20150324b un ||||| |||| 00| 0 ukr d
100 _aПалюх Н.
090 _a82
_bП14
942 _cSA
040 _aUA-OsUOA
_bukr
_cUA-OsUOA
_dUA-OsUOA
245 _aЄвген Сверстюк у контексті доби
300 _aС.25-31
955 _a0
041 _aukr
080 _a82
773 0 _w110576
650 7 _a82 Література. Літературознавство
_2UDC
999 _c396731
_d396731